Statistics for Identify Capitals by 3 Closest Capitals

Click here to take the quiz!

General Stats

  • This quiz has been taken 52 times
  • The average score is 15 of 22

Answer Stats

CAPITAL CITYCLOSEST CAPITALS% Correct
MadridAndorra la Vella, Lisbon, Algiers
93%
AmsterdamBrussels, Luxembourg, London
91%
ParisBrussels, Luxembourg, London
87%
CanberraWellington, Port-Vila, Port Moresby
82%
JerusalemAmman, Damascus, Beirut
82%
LimaQuito, Sucre, Bogota
82%
AstanaBishkek, Tashkent, Dushanbe
80%
BrasiliaAsuncion, Sucre, Montevideo
78%
BrazzavilleKinshasa, Luanda, Libreville
71%
Port-au-PrinceSanto Domingo, Kingston, Nassau
71%
TallinnHelsinki, Riga, Stockholm
69%
AccraLome, Porto-Novo, Yamoussoukro
64%
ViennaBratislava, Budapest, Prague
62%
WarsawVilnius, Minsk, Berlin
62%
GeorgetownParamaribo, Port-of-Spain, Saint George's
60%
SkopjePristina, Tirana, Sofia
58%
MaseruPretoria, Mbabane, Gaborone
56%
Sana'aDjibouti, Asmara, Addis Ababa
51%
TiranaPodgorica, Skopje, Pristina
51%
Saint John'sBasseterre, Roseau, Castries
49%
MoroniAntananarivo, Dodoma, Lilongwe
47%
Bandar Seri BegawanManila, Singapore, Phnom Penh
44%

Score Distribution

Percentile by Number Answered

Percent of People with Each Score

Your Score History

You have not taken this quiz